Jardins d'Italie ; 148 planches donnant plus de 170 vues des villas de la Campagne romaine, de la Toscane et de la Haute-Italie, accompagnees de 25 plans, d'une preface et d'un texte explicatif /

Bibliographic Details
Main Author: Gromort, Georges
Format: Book
Language:French
Published: Paris : A. Vincent, 1922-31.
Subjects:

MARC

Tag First Indicator Second Indicator Subfields
LEADER 00000cam a2200000 4500
001 in00000020975
005 20151007060923.0
008 750903m19221931fr aef 00010 fre
010 |a  25005246  
035 |a (OCoLC)01595015 
035 |9 AAD0581AM 
040 |a DLC  |c SNN  |d SNN  |d TXA  |d UtOrBLW 
049 |a TXAS  |c 1  |v 1 [61657]  |v 2 [61658]  |c 2  |v 1 [37079]  |v 2 [36862] 
050 0 0 |a SB466.I8  |b G7 
090 |a SB466.I8  |b G7 1922 
092 |a 710  |b G87j 
100 1 |a Gromort, Georges. 
245 1 0 |a Jardins d'Italie ;  |b 148 planches donnant plus de 170 vues des villas de la Campagne romaine, de la Toscane et de la Haute-Italie, accompagnees de 25 plans, d'une preface et d'un texte explicatif /  |c par Georges Gromort ... 
264 1 |a Paris :  |b A. Vincent,  |c 1922-31. 
300 |a 3 volumes :  |b frontispiece, illustrations, plates, plans. ;  |c 46 cm. 
336 |a text  |b txt  |2 rdacontent 
337 |a unmediated  |b n  |2 rdamedia 
338 |a volume  |b nc  |2 rdacarrier 
500 |a Volumes 1, 3 have illustrated half-titles. 
500 |a In portfolios. 
500 |a Volume 3 has title: Jardins d'Italie ... 52 planches, donnant 77 vues de villas de la Toscane et de la Haute-Italie, accompagnees de 9 plans et d'un texte explicatif ... Paris, Vincent, Freal & cie. 
650 0 |a Gardens  |z Italy. 
650 0 |a Architecture, Domestic  |z Italy. 
999 |a MARS 
999 f f |s 19171923-4cd7-3475-8168-cbe101d3e96e  |i 003092b6-60cd-36fa-a2fb-aaf990cb6bb3  |t 0 
952 f f |p noncirc  |a Texas A&M University  |b College Station  |c Cushing Memorial Library & Archives  |d Cushing: Rare Books (Does not check out)  |t 0  |e SB466.I8 G7 1922  |f Oversize  |h Library of Congress classification  |i unmediated -- volume 
998 f f |a SB466.I8 G7 1922  |s v.1-2  |t 0  |l Cushing: Rare Books (Does not check out)